000 00625nam a2200193 a 4500
001 000012002
005 20240412074229.0
008 091103s1990 dr 000 p spa d
040 _aDO-SdBNP
_bspa
_cBNPHU
082 _aRD861.44
_bB253t
100 1 _aBarinas Coiscou, Sócrates,
_d1916-2021
_924379
245 1 0 _aTe dije amor :
_bbreviario de amor /
_cSócrates Barinas Coiscou.
260 _a[Santo Domingo :
_bs. n. ,
_c1990?].
300 _a128 p. ;
_c21 cm.
590 _aInventariado, 2018/LP
650 0 _aPoesía dominicana
_966
650 0 _aLiteratura dominicana.
_967
910 _aValidado. Control de calidad BNPHU
999 _c11670
_d11670